000 00669nam a22002417a 4500
003 UA-OsUOA
001 45481
007 ta
008 20111012b un ||||| |||| 00| 0 ukr d
100 _aМалинина А.
090 _a929
_bМ19
942 _cBK
040 _aUA-OsUOA
_brus
_cUA-OsUOA
_dUA-OsUOA
245 _aЖизненный путь Марины
300 _a181 с.
955 _a4
041 _arus
080 _a929
260 _aМ.
_c1951
650 7 _a9 Географія. Біографії. Історія
_2UDC
999 _c425591
_d425591